[Event "Detroit op"]
[Site "Detroit"]
[Date "1999.12.18"]
[Round "4"]
[White "Coleman, Keyanna"]
[Black "Moore, Gemma"]
[Result "0-1"]
[WhiteElo "333"]
[BlackElo "796"]
[PlyCount "102"]
[EventDate "1999.12.18"]
[EventType "swiss"]
[EventRounds "6"]
[EventCountry "USA"]
[SourceTitle "EXT 2007"]
[Source "ChessBase"]
[SourceDate "2006.11.23"]
[SourceVersion "1"]
[SourceVersionDate "2006.11.23"]
[SourceQuality "1"]

1. Nh3 e5 2. Na3 d5 3. b3 Nf6 4. c4 Nc6 5. cxd5 Nxd5 6. e3 Bxh3 7. d4 Bf5 8. dxe5 Bxa3 9. Bxa3 Nxe5 10. f3 Nxe3 11. f4 Nc2+ 12. Ke2 Nxa1 13. Qxa1 Bg4+ 14. Ke3 Qg5 15. fxg5 0-0-0 16. h3 Bh5 17. g4 Bg6 18. h4 Rhe8 19. h5 Nc4+ 20. Kf3 Nxa3 21. hxg6 hxg6 22. Kf2 Nc2 23. Be2 Nxa1 24. Rxa1 Rd2 25. a4 Rexe2+ 26. Kf3 Rb2 27. Kg3 Rxb3+ 28. Kf4 Rf2+ 29. Ke5 Kd7 30. a5 Rb5+ 31. Ke4 f6 32. gxf6 gxf6 33. a6 b6 34. Rd1+ Ke6 35. Ke3 Rh2 36. Kf4 Rh4 37. Re1+ Kf7 38. Re3 f5 39. Rg3 Kf6 40. Kf3 Rb3+ 41. Kg2 Rxg3+ 42. Kxg3 Rxg4+ 43. Kf3 Ke5 44. Ke3 Rg3+ 45. Kf2 Ra3 46. Ke1 Ra2 47. Kd1 Kd4 48. Kc1 Kd3 49. Kb1 Rh2 50. Kc1 Rg2 51. Kd1 Rg1# 0-1

[Event "Detroit op"]
[Site "Detroit"]
[Date "1999.12.18"]
[Round "2"]
[White "Moore, Gemma"]
[Black "Ruiz, Nancy"]
[Result "1-0"]
[WhiteElo "796"]
[BlackElo "512"]
[PlyCount "93"]
[EventDate "1999.12.18"]
[EventType "swiss"]
[EventRounds "6"]
[EventCountry "USA"]
[SourceTitle "EXT 2007"]
[Source "ChessBase"]
[SourceDate "2006.11.23"]
[SourceVersion "1"]
[SourceVersionDate "2006.11.23"]
[SourceQuality "1"]

1. e4 e5 2. Nf3 d6 3. Bc4 Nh6 4. d4 f6 5. d5 Nf7 6. Nc3 Be7 7. Be3 c6 8. 0-0 Bd7 9. a3 g6 10. Qd2 f5 11. Rad1 a6 12. h3 Bf6 13. b4 0-0 14. h4 Re8 15. dxc6 bxc6 16. Ng5 Rf8 17. Qxd6 Kg7 18. Nxf7 Rxf7 19. Bxf7 Kxf7 20. g3 h6 21. Bxh6 a5 22. bxa5 Rxa5 23. f4 Na6 24. Qxd7+ Qe7 25. Qxe7+ Kxe7 26. a4 Nc5 27. Rd2 fxe4 28. Rfd1 Ra7 29. Rd8 e3 30. Bf8+ Kf7 31. Bxc5 Bxd8 32. Bxa7 Be7 33. fxe5 c5 34. Rd7 e2 35. Nxe2 Ke6 36. Rc7 c4 37. Nf4+ Kf7 38. Bc5 Ke8 39. Rxe7+ Kf8 40. Nxg6+ Kg8 41. Rc7 c3 42. Rc8+ Kh7 43. Nf8+ Kh6 44. Kg2 Kh5 45. Kh3 Kh6 46. Rc7 Kh5 47. Rh7# 1-0